All cities in Uzbekistan on Iafisher quiz - Statistics

General Stats
  • This quiz has been taken 55 times
  • The average score is 10 of 115
Answer Stats
Population Answer % Correct
1,978,028 Tashkent
100%
319,366 Samarkand
96%
247,644 Bukhara
81%
230,006 Nukus
62%
318,419 Andijon
58%
164,322 Fergana
58%
432,456 Namangan
54%
129,725 Navoiy
50%
152,642 Jizzax
38%
55,567 Xiva
38%
187,477 Qo‘qon
35%
126,957 Angren
31%
222,898 Qarshi
31%
150,110 Urganch
31%
167,842 Chirchiq
19%
140,385 Tirmiz
19%
133,490 Marg‘ilon
15%
22,122 Pop
15%
57,051 Shahrisabz
15%
25,050 Boysun
12%
68,994 Denov
12%
121,207 Olmaliq
12%
19,642 Bo‘ka
8%
64,966 Chust
8%
53,373 Guliston
8%
62,620 Kogon Shahri
8%
30,854 Manghit
8%
60,000 Yangiyŭl
8%
56,736 Asaka
4%
86,259 Bekobod
4%
16,727 Chelak
4%
24,553 Chinoz
4%
24,856 Gagarin Shahri
4%
24,700 G‘azalkent
4%
41,070 G’ijduvon Shahri
4%
22,487 Karakul’
4%
59,382 Kattaqo’rg’on Shahri
4%
41,938 Kitob
4%
59,681 Koson
4%
11,984 Olot Shahri
4%
27,865 Piskent
4%
12,927 Romitan Shahri
4%
26,950 Shovot
4%
47,373 Urgut Shahri
4%
16,697 Vobkent Shahri
4%
26,380 Bektemir
0%
50,929 Beruniy
0%
21,984 Beshariq
0%
17,010 Beshkent
0%
26,815 Bulung’ur Shahri
0%
13,791 Charxin
0%
19,356 Chiroqchi
0%
49,844 Chortoq
0%
8,044 Dahbed
0%
19,718 Dashtobod
0%
16,524 Do’stlik Shahri
0%
8,781 Eskiarab
0%
15,620 Galaosiyo Shahri
0%
11,446 Gazli
0%
27,506 Gurlan
0%
25,368 G‘uzor
0%
13,470 Hamza
0%
26,257 Haqqulobod
0%
17,643 Hazorasp
0%
13,024 Ishtixon Shahri
0%
27,636 Iskandar
0%
14,429 Jomboy Shahri
0%
19,920 Juma Shahri
0%
14,147 Kegeyli Shahar
0%
20,459 Kirguli
0%
43,684 Kosonsoy
0%
3,000 Kyzyldzhar
0%
14,646 Marhamat
0%
29,180 Muborak
0%
13,000 Mŭynoq
0%
10,558 Nishon Tumani
0%
48,908 Novyy Turtkul’
0%
29,403 Nurota
0%
35,516 Ohangaron
0%
25,543 Oltiariq
0%
59,122 Oltinko‘l
0%
38,307 Oqtosh
0%
35,973 Parkent
0%
21,384 Paxtakor Shahri
0%
24,772 Payshamba Shahri
0%
27,750 Qibray
0%
13,558 Qiziltepa
0%
25,861 Qo‘rg‘ontepa
0%
8,618 Qorovulbozor
0%
16,948 Qo’shko’pir
0%
33,167 Quva
0%
32,024 Quvasoy
0%
26,494 Salor
0%
26,527 Shofirkon Shahri
0%
5,100 Shohimardon
0%
24,900 Sho‘rchi
0%
26,816 Sirdaryo
0%
1,000 Sŭqoq
0%
27,862 To‘rqao‘rg‘on
0%
28,562 Toshbuloq
0%
26,686 Toshloq
0%
20,682 Tŭytepa
0%
33,323 Uchqŭrghon Shahri
0%
14,047 Ŭrtaowul
0%
29,683 Uychi
0%
16,889 Xo‘jaobod
0%
50,000 Xo‘jayli Shahri
0%
14,114 Yangi Marg‘ilon
0%
24,900 Yangiobod
0%
28,422 Yangiqo‘rg‘on
0%
25,027 Yangirabot
0%
32,636 Yangiyer
0%
20,332 Yaypan
0%
24,781 Zafar
0%
27,077 Zomin Shaharchasi
0%
No matching quizzes found
Score Distribution
Percent of People with Each Score
Percentile by Number Answered
Your Score History
You have not taken this quiz